QBs with the Most Playoff Wins - Statistics

General Stats
  • This quiz has been taken 61 times
  • The average score is 15 of 20
Answer Stats
# of Wins Best Win Answer % Correct
35 Super Bowl XXXVI Tom Brady
100%
16 1981 NFC Championship Joe Montana
94%
14 2006 AFC Championship Peyton Manning
94%
8 Super Bowl XLII/Super Bowl XLVI Eli Manning
92%
11 2016 NFC Divisional Aaron Rodgers
90%
9 Super Bowl XLIV Drew Brees
84%
13 Super Bowl XXXI Brett Favre
80%
14 1986 AFC Championship/Super Bowl XXXII John Elway
80%
14 1972 AFC Divisional/Super Bowl XIII Terry Bradshaw
80%
9 2014 NFC Championship Russell Wilson
78%
13 Super Bowl XLIII Ben Roethlisberger
76%
8 Super Bowl LIV Patrick Mahomes
75%
8 1998 NFC Wild Card Steve Young
73%
11 Super Bowl XXVII Troy Aikman
73%
10 2012 AFC Divisional Joe Flacco
71%
9 1990 AFC Championship Jim Kelly
69%
11 1975 NFC Divisional (Offensive PI) Roger Staubach
69%
9 1967 NFL Championship Bart Starr
59%
9 2003 NFC Divisional Donovan McNabb
53%
9 Super Bowl XXXIV Kurt Warner
53%
No matching quizzes found
Score Distribution
Percent of People with Each Score
Percentile by Number Answered
Your Score History
You have not taken this quiz